| 000 | 00706nmc a2200277 a 4500 | ||
|---|---|---|---|
| 003 | AR-BaBNM | ||
| 005 | 20251128204422.0 | ||
| 008 | 085019s1980 ||||||||||||||000 | spa|| | ||
| 040 | _cAR-BaBNM | ||
| 100 | 1 |
_aRougés, Alberto _d1880-1945 |
|
| 245 | 1 | 0 | _aEducación y tradición |
| 260 |
_aBuenos Aires _bDocencia _c1980 |
||
| 490 | 0 |
_aPerspectivas _vv. 3 |
|
| 650 | 4 | _aEDUCACION LAICA | |
| 650 | 4 | _aNACIONALISMO | |
| 650 | 4 | _aEPISTEMOLOGIA | |
| 650 | 4 | _aEDUCACION MORAL | |
| 650 | 4 | _aEDUCACION RELIGIOSA | |
| 650 | 4 | _aSIGLO DIECINUEVE | |
| 650 | 4 | _aETICA | |
| 650 | 4 | _aVALORES MORALES | |
| 650 | 4 | _aSIGLO VEINTE | |
| 700 | 1 |
_aPró, Diego F. _eprologuista |
|
| 942 | _cBK | ||
| 998 | _cCarmen | ||
| 999 |
_c7367 _d7367 |
||